000 00618nam a2200205Ia 4500
005 20250508154329.0
008 008 250505s9999 xx 000 0 eng d
037 _aTextual
040 _aFEDL
_beng
_cFEDL
041 _aeng
_2eng
084 _a331.11423, HAR
_qFEDL
100 _aHarbison Frederick
245 0 _aManpower and education country studies in economic development
260 _aNew York, USA
_bMcGraw Hill Book Company
_c1965
300 _axii,343p.
650 _aEconomics
700 _a Myers Charles A.
_9765318
942 _cTEXL
_h331.11423, HAR
999 _c1349602
_d1349602